| 000 | 00342nam a2200109Ia 4500 | ||
|---|---|---|---|
| 008 | 171204s9999 xx 000 0 und d | ||
| 245 | _aGerman/english Business Correspondence: | ||
| 245 | _cPaul Hartley | ||
| 260 | _c2015 | ||
| 650 | _xG-ENG2 English Proficiency and Business Correspondence | ||
| 856 | _uhttp://down.ebook777.com/GerBusCor.pdf | ||
| 999 |
_c345500 _d345500 |
||